| 000 | 00712nam a22002417a 4500 | ||
|---|---|---|---|
| 999 |
_c33651 _d33651 |
||
| 001 | 2924 | ||
| 003 | CO-MdFUSB | ||
| 005 | 20180622073125.0 | ||
| 008 | 180418s1984 sp ||||| |||| 00| 0 spa d | ||
| 020 | _a84-7228-832-3 | ||
| 040 |
_aCO-MdFUSB _bspa _cCO-MdFUSB _dCO-MdFUSBC _erda |
||
| 041 | 0 | _aspa | |
| 082 | 0 | 4 | _aG 227.86 S435e |
| 100 | 1 |
_aScroggie, W. Graham (William) (1877-1958) _eautor |
|
| 245 | 0 |
_aEstudios en Filemon _c/ W. Graham Scroggie |
|
| 264 | 1 |
_aTerrassa, Barcelona : _bCLIE, _c1984 |
|
| 300 | _a137 Pag. | ||
| 336 |
_2rdacontent _atexto _btxt |
||
| 337 |
_2rdamedia _asin mediación _bn |
||
| 338 |
_2rdacarrier _avolumen _bnc |
||
| 653 | _aBiblia N.T. - Filemón - Comentarios | ||
| 942 | _cBK | ||